00431nam a2200145 a 450000500170000000800410001702000180005805000270007610000200010324500740012326000420019730000090023965000220024865000150027020140412111245.0010809s19uu xx 00 eng d a971-785-015-1 aTR(GS 158.1bP865 1999 aPound, Harry D. aHow to become a confident winner :byou can do it! /cHarry D. Pound. aManila, Philippines :b[s.n.],c1999. a32p. aPositive thinking aQuotations